000 02219 a2200241 4500
001 44909
005 20260407155724.0
008 260407a2012 arg spa d
003 AR-UNSa-BCEJYS
040 _aAR-UNSa-BCEJYS
_bspa
_cAR-UNSa-BCEJYS
080 _a330.101.541
_xMacroeconomía
245 1 0 _aMacroeconomía, empleo e ingresos
_pdebates y políticas en Argentina frente a la crisis internacional 2008-2009
020 _a978-92-2-326093-4
264 1 _aBuenos Aires :
_bOIT
_c2012
300 _a363 p.
_c30 cm.
505 _a1. Modelos emergentes después de la crisis internacional. La configuración del capitalismo mundial / Ricardo Aronskind – 2. El modelo económico ante la crisis internacional: sostenimiento de las condiciones laborales y sociales en Argentina / Federico Pastrana; Fernando Toledo y Soledad Villafañe – 3. Análisis comparado de las experiencias de Argentina y Brasil durante la crisis internacional / Federico Pastrana; Fernando Toledo y Soledad Villafañe – 4. Comercio y empleo durante la crisis internacional: la dinámica de las exportadoras industriales / Anahí Amar y Lucia Tumini – 5. Dinámica del empleo formal en contexto de crisis / Victoria Castillo; Sofía Rojo Brizuela y Diego Schleser – 6. El impacto de las políticas laborales contracíclicas sobre el empleo asalariado registrado /Victoria Castillo; Sofía Rojo Brizuela y Diego Schleser – 7. Negociación colectiva y recuperación económica en Argentina / Héctor Palomino y Diego Trajtemberg – 8. La industria metalmecánica frente a la crisis internacional. Impacto y medidas / Nicolás Bonofiglio y Héctor Morholang – 9. Determinantes de la dinámica del empleo en el sector metalmecánico durante la crisis global. Influencia de las capacidades tecno-organizacionales y de conectividad de las firmas / Florencia Barletta; Victoria Castillo y Gabriel Yoguel.
041 _aspa
942 _cBK
590 _aniveau_biblio:m niveau_hierar:0
100 1 _aArgentina. Ministerio de Trabajo, Empleo y Seguridad Social
700 1 _aOrganización Internacional del Trabajo (OIT)
856 4 1 _uhttps://www.biblioeco.unsa.edu.ar/pmb/images/libros/L127033.jpg
_yImagen de portada
_qimage/jpeg
999 _c3850
_d3850